000 00650cab a2200217 4500
001 WB3144-03
008 090401t1995 xxu||||| |||| 00| 0 eng d
035 _a(Sirsi) u35104
041 _aeng
245 _aConstruction bill
260 _c1995
350 _a0
490 _aRICS Press Release
_v(PR145.CON) 15 November 1995, (2)
520 _aThe RICS feels the introduction of a statutory right of adjudication in construction contracts could prove confusing.
650 _aCONSTRUCTION BILL
650 _aBUILT ENVIRONMENT-BUILDING CONTRACT FORMS
650 _aRICS
690 _aBUILT ENVIRONMENT
942 _n0
948 _c04/03/1997
999 _c23044
_d23044